Growing Cities in Texas - Statistics

General Stats
  • This quiz has been taken 45 times
  • The average score is 7 of 10
Answer Stats
Population Population Gained City % Correct
961,855 159,993 Austin
100%
1,304,379 106,707 Dallas
100%
2,304,580 211,661 Houston
100%
918,915 174,115 Fort Worth
97%
1,434,625 107,806 San Antonio
97%
200,509 83,350 Frisco
63%
195,308 64,154 McKinney
57%
256,684 40,399 Irving
43%
90,403 32,729 New Braunfels
27%
125,828 32,669 Pearland
27%
No matching quizzes found
Score Distribution
Percent of People with Each Score
Percentile by Number Answered
Your Score History
You have not taken this quiz